| 000 | 00470nam a2200169Ia 4500 | ||
|---|---|---|---|
| 005 | 20250424120224.0 | ||
| 008 | 250424s9999 xx 000 0 und d | ||
| 022 | _a2006120X | ||
| 050 | _aPL 8021 .N5 A95/ | ||
| 245 | 0 | _aAwka journal of linguistics & languages : AJILL. | |
| 260 | _aAwka | ||
| 260 | _bDept. of Linguistics, Nnamdi Azikiwe University | ||
| 260 | _c2012 | ||
| 300 | _a87p. : ill. ; 24cm. | ||
| 650 | _aNigeria--Languages--Periodicals. | ||
| 942 | _cSR | ||
| 999 |
_c38087 _d38087 |
||